ТЪРГОВСКИ НОВИНИ (Запис номер 295890)
[ съкратено ]
| 000 -Лидер | |
|---|---|
| Контролно поле с фиксирана дължина | 01117nas a2200265 c 4500 |
| 003 - Код на организацията, давaща контролен номер | |
| Контролно поле | BLK |
| 005 - Дата и час на последна редакция | |
| Контролно поле | 20240117161059.0 |
| 008 - Елементи от данни с фиксирана дължина | |
| fixed length control field | 180413b bul rap|r|||| |0| c1bulo| |
| 010 ## - Наследен системен номер | |
| LC control number | PRD00006670000 |
| 040 ## - Източник на каталожния запис | |
| Идентификатор на билиотеката - собственик на записа | BLK |
| 041 ## - Код за език | |
| Код за езика на текст/звукозапис или на отделно заглавие | Български |
| Код за езика КДБФ | Български |
| 080 ## - УДК | |
| Текстов определител УДК | Търговия. Международни икономически отношения. Световно стопанство |
| УДК код - определител по УДК | 339 |
| УДК определител | |
| УДК - код + определител | 339 |
| 110 1# - Редна дума - колетивен орган | |
| Редна дума - наименование на организация или юридическо лице | Ред. кол. : Михаил Н. Арнаудов |
| 9 (RLIN) | 361225 |
| 245 10 - Сведения за заглавието | |
| Заглавие | ТЪРГОВСКИ НОВИНИ |
| Подзаглавни данни | Орган на търг.-индустр. камара - Русе |
| Редно поле (дума) | Ред. кол. : Михаил Н. Арнаудов |
| Дата на създаване на произведението | Начална год. на издаване: Год. 1, № 1 (1896), |
| 257 ## - Страна на издаване | |
| Страна на създаване/издаване | България |
| 260 ## - Област на издателските данни | |
| -- | Русе |
| Име на издателя, разпространителя и проч. | Търг.-индустр. камара |
| Година на издаване | 1896 |
| 310 ## - Текуща периодчност на изданието | |
| -- | периодичност: 13 |
| Срок за съхранение | срок за съхранение: 99 |
| 380 ## - Жанр | |
| Жанр | Обществени науки |
| 852 ## - Местоположение | |
| Форматна сигнатура | Б 115 |
| 856 ## - Електронен адрес и достъп | |
| Електронен формат | pdf - файл |
| Път до файла /url/ | |
| 856 ## - Електронен адрес и достъп | |
| Електронен формат | pdf - файл |
| Път до файла /url/ | |
| 942 ## - АРТИКУЛИ | |
| Вид на библиотечния материал | Списания |
| Скрит в OPAC | Не |
| Периодичен библиозапис | Да |
| Koha issues (borrowed), all copies | 2 |
| 944 ## - СЪЗДАВАНЕ И РЕДАКЦИЯ на ЗАПИСА | |
| Създаване/Редакция | Създаване |
| Дата на регистрацията/редакция | Йордан_Досев |
| Служител, извършил регистрацията/редакцията | 30576 |
| Статус, дата на статуса | Цветомила Тодорова |
| 944 ## - СЪЗДАВАНЕ И РЕДАКЦИЯ на ЗАПИСА | |
| Създаване/Редакция | Редакция |
| Дата на регистрацията/редакция | Ваня_Йорданова |
| Служител, извършил регистрацията/редакцията | 08.07.2015 |
| 999 ## - СИСТЕМНИ КОНТРОЛНИ НОМЕРА | |
| Koha biblionumber | 295890 |
| Koha biblioitemnumber | 295890 |
| Код за отписване | Код за изгубен артикул | Източник на класификационната схема | Код за повреда | Коз за рестрикции | Код за отдаване | Артикулен № | Име на библиотеката - собственик | Име на библиотеката, в която се намира в момента | Статус (Текущо местоположение) | Дата на вписване в системата | Местоположение - отдел | Цена в лева | Номерация (Хронология) | Инвентарен номер | Систематично азбучна сигнатура | Баркод | Номер на екземпляра | Цена в евро | Служебна бележка | Служебен тип на артикула | Бележка за публиката |
|---|---|---|---|---|---|---|---|---|---|---|---|---|---|---|---|---|---|---|---|---|---|
| Не е изгубен | Universal Decimal Classification | Не е повреден | без рестрикции | ползва се в читалня | 641588 | Регионална библиотека "Любен Каравелов" Русе | Регионална библиотека "Любен Каравелов" Русе | Хранилище | 1896-01-01 | Хранилище | 0.08 | Обхват на том: 1-13 | 30242 | Б 115 | 130000030242 | 1 | 0.04 | Дост: Dp, Вид: Д, N: стар фонд, Годиш. инв.: 1, Дата инв: 02.04.2014, Бележки инв: Цб2014 | Списания | Год. на изд.: 1896 |